[Event "Quebec-ch classe"]
[Site "Repentigny CAN"]
[Date "2003.11.21"]
[Round "1"]
[White "Bolduc, Steve"]
[Black "Khaziyeva, Dinara"]
[Result "1-0"]
[WhiteElo "2314"]
[BlackElo "2029"]
[PlyCount "79"]
[EventDate "2003.11.21"]
[EventType "swiss"]
[EventRounds "5"]
[EventCountry "CAN"]

1. d4 Nf6 2. c4 Nc6 3. e3 e6 4. Nc3 Bb4 5. Bd3 b6 6. Nf3 Bb7 7. O-O O-O 8. e4
h6 9. a3 Bxc3 10. bxc3 Ne7 11. Re1 d6 12. Nh4 e5 13. Qf3 Ng6 14. Nf5 Bc8 15. g3
Re8 16. h4 Nf8 17. Bd2 Bxf5 18. exf5 Qe7 19. Re2 e4 20. Rae1 exf3 21. Rxe7 Rxe7
22. Rxe7 N8d7 23. Re3 Kf8 24. Rxf3 Ng4 25. Rf4 Ngf6 26. g4 Re8 27. g5 Ng8 28.
Rg4 Nb8 29. f6 h5 30. fxg7+ Kxg7 31. Rg2 c5 32. f4 Nc6 33. d5 Na5 34. f5 Kf8
35. Kf2 Ne7 36. g6 f6 37. Bf4 Nb7 38. Be3 Ng8 39. Be2 Ne7 40. Bxh5 1-0

[Event "Quebec-ch classe"]
[Site "Repentigny CAN"]
[Date "2003.11.21"]
[Round "1"]
[White "Cloutier, Mario"]
[Black "Mikanovic, Goran"]
[Result "1/2-1/2"]
[WhiteElo "2028"]
[BlackElo "2312"]
[PlyCount "94"]
[EventDate "2003.11.21"]
[EventType "swiss"]
[EventRounds "5"]
[EventCountry "CAN"]

1. e4 c5 2. c3 d5 3. exd5 Qxd5 4. d4 Nf6 5. Nf3 e6 6. Be3 cxd4 7. cxd4 Nc6 8.
Nc3 Qd6 9. a3 Be7 10. Bd3 b6 11. O-O Bb7 12. Qe2 O-O 13. Rad1 Rad8 14. Bb1 Rfe8
15. Rfe1 g6 16. Ba2 Qb8 17. Bg5 Nh5 18. Qe3 Bxg5 19. Qxg5 Ne7 20. d5 Nxd5 21.
Nxd5 Bxd5 22. Bxd5 Rxd5 23. Rxd5 exd5 24. Rxe8+ Qxe8 25. Qxd5 Nf4 26. Qd6 Qe4
27. Qd8+ Kg7 28. Qd4+ Qxd4 29. Nxd4 Kf6 30. Kf1 a5 31. b3 Ke5 32. Nc2 Ke4 33.
g3 Nd3 34. b4 a4 35. Ke2 Ne5 36. h3 h5 37. h4 f5 38. Ne1 Kd4 39. Nf3+ Nxf3 40.
Kxf3 Kc4 41. Ke2 Kb3 42. Kd3 Kxa3 43. Kc3 b5 44. f3 Ka2 45. Kc2 f4 46. gxf4 a3
47. f5 gxf5 1/2-1/2

[Event "Quebec-ch classe"]
[Site "Repentigny CAN"]
[Date "2003.11.21"]
[Round "1"]
[White "Masse, Hugues"]
[Black "Papineau (Granby), Daniel"]
[Result "1-0"]
[WhiteElo "2239"]
[BlackElo "2035"]
[PlyCount "52"]
[EventDate "2003.11.21"]
[EventType "swiss"]
[EventRounds "5"]
[EventCountry "CAN"]

1. d4 f5 2. g3 Nf6 3. Bg2 g6 4. c4 Bg7 5. Nf3 d6 6. O-O O-O 7. Nc3 Qe8 8. d5 h6
9. Nd4 Na6 10. Rb1 g5 11. e3 Ng4 12. b4 Ne5 13. Qb3 Nd3 14. Ba3 f4 15. Nce2 Qg6
16. Rbd1 Ne5 17. exf4 Ng4 18. h3 Nf6 19. g4 Nxg4 20. f5 Bxf5 21. Nxf5 Qxf5 22.
Ng3 Qd7 23. hxg4 Qxg4 24. Ne4 Rf4 25. Bb2 Bxb2 26. Qxb2 Rxe4 1-0

[Event "Quebec-ch classe"]
[Site "Repentigny CAN"]
[Date "2003.11.21"]
[Round "1"]
[White "Prahov, Valentin"]
[Black "Angers, Gilles"]
[Result "1-0"]
[WhiteElo "2207"]
[BlackElo "1986"]
[PlyCount "95"]
[EventDate "2003.11.21"]
[EventType "swiss"]
[EventRounds "5"]
[EventCountry "CAN"]

1. e4 e6 2. d4 d5 3. e5 c5 4. c3 Nc6 5. Nf3 Qb6 6. a3 Nh6 7. b4 cxd4 8. cxd4
Nf5 9. Be3 f6 10. exf6 gxf6 11. Nc3 Nxe3 12. fxe3 Bh6 13. Kf2 O-O 14. Bd3 Ne5
15. dxe5 Qxe3+ 16. Kf1 fxe5 17. Qe2 Qd4 18. Qc2 e4 19. Rd1 exd3 20. Qxd3 Qxd3+
21. Rxd3 Bd7 22. Kf2 Rac8 23. Re1 Bg7 24. Nd1 Rc2+ 25. Kg1 h6 26. Ne3 Rc3 27.
Rxc3 Bxc3 28. Rc1 Rc8 29. Rb1 Kg7 30. Kf2 Bb5 31. g4 Bf6 32. h4 Bd3 33. Rb3 Rc3
34. Rxc3 Bxc3 35. g5 Bb2 36. a4 Be4 37. gxh6+ Kxh6 38. Ng5 e5 39. Nxe4 dxe4 40.
Kg3 Bd4 41. Nf5+ Kh5 42. Nd6 e3 43. Kf3 b6 44. Nf5 a5 45. b5 Bc5 46. Ke4 e2 47.
Ng3+ Kxh4 48. Nxe2 1-0

[Event "Quebec-ch classe"]
[Site "Repentigny CAN"]
[Date "2003.11.22"]
[Round "2"]
[White "Angers, Gilles"]
[Black "Tessier, Olivier"]
[Result "0-1"]
[WhiteElo "1986"]
[BlackElo "2113"]
[PlyCount "94"]
[EventDate "2003.11.21"]
[EventType "swiss"]
[EventRounds "5"]
[EventCountry "CAN"]

1. e4 c5 2. Nc3 Nc6 3. g3 g6 4. Bg2 Bg7 5. f4 d6 6. d3 h5 7. Nf3 Nd4 8. h3 h4
9. g4 f5 10. exf5 gxf5 11. g5 Bd7 12. Nd5 e6 13. Ne3 Bc6 14. c3 Nxf3+ 15. Bxf3
Ne7 16. Bh5+ Kd7 17. O-O Qc7 18. Ng2 Raf8 19. Qe2 e5 20. Bd2 e4 21. dxe4 Bxe4
22. Bf3 d5 23. Qb5+ Kc8 24. Be3 b6 25. a4 Nc6 26. a5 d4 27. axb6 axb6 28. Bd2
Kd7 29. Ra6 Ra8 30. Rxb6 Ra5 31. Qb3 c4 32. Qxc4 Qxb6 33. Qf7+ Ne7 34. Qxg7
Bxf3 35. Rxf3 dxc3+ 36. Be3 Qc6 37. Rf1 Rha8 38. Rd1+ Rd5 39. Rxd5+ Qxd5 40.
Qxc3 Ra1+ 41. Kf2 Rd1 42. Nxh4 Qh1 43. Ng2 Qf1+ 44. Kg3 Rd3 45. Qe5 Qe2 46. g6
Rd6 47. Nh4 Rd5 0-1

[Event "Quebec-ch classe"]
[Site "Repentigny CAN"]
[Date "2003.11.22"]
[Round "2"]
[White "Auger, Bertrand"]
[Black "Cloutier, Mario"]
[Result "1/2-1/2"]
[WhiteElo "2059"]
[BlackElo "2028"]
[PlyCount "67"]
[EventDate "2003.11.21"]
[EventType "swiss"]
[EventRounds "5"]
[EventCountry "CAN"]

1. Nf3 d5 2. g3 Nf6 3. Bg2 Bf5 4. b3 e6 5. Bb2 Nbd7 6. O-O h6 7. c4 c6 8. d3
Be7 9. Nbd2 O-O 10. Qc2 Bh7 11. a3 a5 12. Bc3 Qb6 13. Qb2 Rfd8 14. b4 c5 15.
bxc5 Qxb2 16. Bxb2 Nxc5 17. a4 Na6 18. Bd4 Rdc8 19. Rfc1 Nb4 20. Ne1 Nc6 21.
Bb2 Bb4 22. Ndf3 dxc4 23. Rxc4 Nd5 24. Rc2 Be7 25. Rac1 Ndb4 26. Rc4 Na2 27.
R1c2 Nab4 28. Rd2 Nd5 29. Rc1 Nb6 30. Ra1 Nb4 31. Nd4 Rab8 32. Bh3 N6d5 33. Nb5
Rc6 34. Be5 1/2-1/2

[Event "Quebec-ch classe"]
[Site "Repentigny CAN"]
[Date "2003.11.22"]
[Round "2"]
[White "Mikanovic, Goran"]
[Black "Beaudoin, Stephane"]
[Result "0-1"]
[WhiteElo "2312"]
[BlackElo "2041"]
[PlyCount "102"]
[EventDate "2003.11.21"]
[EventType "swiss"]
[EventRounds "5"]
[EventCountry "CAN"]

1. d4 Nf6 2. c4 c5 3. d5 e6 4. Nc3 exd5 5. cxd5 d6 6. e4 Be7 7. h3 O-O 8. Nf3
a6 9. a4 b6 10. Bd3 Re8 11. O-O Nbd7 12. Re1 Nf8 13. e5 dxe5 14. Nxe5 Bb7 15.
Bc4 Bd6 16. Bf4 Qc7 17. Qb3 Re7 18. Nc6 Rxe1+ 19. Rxe1 Bxf4 20. Re7 N8d7 21.
Rxf7 Bd6 22. Re7 Kh8 23. Re6 Re8 24. Rxe8+ Nxe8 25. Ne4 Ndf6 26. Ng5 Bc8 27.
Qd3 h6 28. Nf3 Bf8 29. Nfe5 Nd6 30. g4 Nxc4 31. Qxc4 Bd6 32. f4 b5 33. axb5
axb5 34. Qxb5 Nxd5 35. Qd3 Bxe5 36. Qxd5 Bxf4 37. Nd8 Qe7 38. Nf7+ Kh7 39. Qd3+
g6 40. Nd8 Qe3+ 41. Qxe3 Bxe3+ 42. Kf1 c4 43. Nc6 Bc1 44. Ke1 Bxb2 45. Kd2 Bf6
46. Na5 Be6 47. Nb7 Bd5 48. Nd6 Be7 49. Nb5 Bg2 50. Nd4 Bxh3 51. Nc6 Bf6 0-1

[Event "Quebec-ch classe"]
[Site "Repentigny CAN"]
[Date "2003.11.22"]
[Round "2"]
[White "Saint Amand, Paul"]
[Black "Papineau (Granby), Daniel"]
[Result "1-0"]
[WhiteElo "2066"]
[BlackElo "2035"]
[PlyCount "81"]
[EventDate "2003.11.21"]
[EventType "swiss"]
[EventRounds "5"]
[EventCountry "CAN"]

1. e4 d5 2. exd5 Nf6 3. d4 Bg4 4. Nf3 Qxd5 5. Be2 Nc6 6. O-O O-O-O 7. c3 e6 8.
Bf4 Qf5 9. Bg3 g5 10. Ne5 Bxe2 11. Qxe2 Nxe5 12. Qxe5 Bd6 13. Qxf5 exf5 14.
Bxd6 Rxd6 15. Nd2 Re8 16. Rfe1 Rde6 17. Rxe6 Rxe6 18. Kf1 Nd5 19. g3 c6 20. Re1
Kd7 21. Nc4 Rxe1+ 22. Kxe1 f6 23. Ke2 h6 24. Ne3 Ne7 25. f4 Ke6 26. c4 b6 27.
Kd3 Kd6 28. b4 b5 29. Kc3 Ke6 30. d5+ cxd5 31. cxb5 Nc8 32. Kd4 Nb6 33. h4 Nc8
34. Nxd5 Nd6 35. Nc3 Nc8 36. a4 gxh4 37. gxh4 h5 38. a5 Ne7 39. Kc5 Kd7 40. Nd5
Ng6 41. b6 1-0

[Event "Quebec-ch classe"]
[Site "Repentigny CAN"]
[Date "2003.11.22"]
[Round "3"]
[White "Cloutier, Mario"]
[Black "Khaziyeva, Dinara"]
[Result "1/2-1/2"]
[WhiteElo "2028"]
[BlackElo "2029"]
[PlyCount "63"]
[EventDate "2003.11.21"]
[EventType "swiss"]
[EventRounds "5"]
[EventCountry "CAN"]

1. e4 c6 2. d4 d5 3. exd5 cxd5 4. c4 Nf6 5. Nc3 g6 6. Qb3 Bg7 7. cxd5 O-O 8. g3
Nbd7 9. Bg2 Nb6 10. Nge2 Ne8 11. a4 a5 12. Bf4 Nd6 13. O-O Bf5 14. Nb5 Nxb5 15.
Qxb5 Bg4 16. Rfe1 Bxe2 17. Rxe2 Bxd4 18. Rae1 Nc8 19. Qxb7 Ra7 20. Qc6 Nd6 21.
Rc2 Bf6 22. Be5 Bxe5 23. Rxe5 Qb8 24. Bh3 f5 25. Qc3 Rc8 26. Qd3 Rxc2 27. Qxc2
Ne4 28. Rxe4 fxe4 29. Be6+ Kg7 30. Qc3+ Kh6 31. Qe3+ Kg7 32. Qd4+ 1/2-1/2

[Event "Quebec-ch classe"]
[Site "Repentigny CAN"]
[Date "2003.11.22"]
[Round "3"]
[White "Masse, Hugues"]
[Black "Sauve, Richard"]
[Result "1-0"]
[WhiteElo "2239"]
[BlackElo "1921"]
[PlyCount "89"]
[EventDate "2003.11.21"]
[EventType "swiss"]
[EventRounds "5"]
[EventCountry "CAN"]

1. d4 e6 2. c4 d5 3. Nc3 c6 4. Nf3 dxc4 5. a4 Bb4 6. e3 b5 7. Bd2 a5 8. axb5
Bxc3 9. Bxc3 cxb5 10. b3 Bb7 11. bxc4 b4 12. Bb2 Nf6 13. Bd3 Nbd7 14. O-O Qc7
15. Re1 O-O 16. e4 e5 17. Qc2 h6 18. c5 Rfe8 19. h3 exd4 20. Bxd4 Ba6 21. e5
Bxd3 22. Qxd3 Nd5 23. Rac1 Qc6 24. Ba1 Nf4 25. Qe3 Ne6 26. Nd4 Nxd4 27. Qxd4
Re7 28. f4 Rae8 29. Red1 Nf8 30. Qe3 Rd7 31. Rd6 Rxd6 32. cxd6 Qxd6 33. Qe4 Qd2
34. Rf1 Rc8 35. Kh2 Rc2 36. Rb1 Ng6 37. Rf1 b3 38. f5 Nh4 39. Rg1 g5 40. e6
Qf4+ 41. Qxf4 gxf4 42. e7 Re2 43. Rd1 Rxe7 44. Rd8+ Kh7 45. Rh8# 1-0

[Event "Quebec-ch classe"]
[Site "Repentigny CAN"]
[Date "2003.11.22"]
[Round "3"]
[White "Tessier, Olivier"]
[Black "Ramaswamy, Kishor"]
[Result "0-1"]
[WhiteElo "2113"]
[BlackElo "2096"]
[PlyCount "44"]
[EventDate "2003.11.21"]
[EventType "swiss"]
[EventRounds "5"]
[EventCountry "CAN"]

1. e4 c6 2. d4 d5 3. exd5 cxd5 4. c4 Nf6 5. Nc3 e6 6. c5 Be7 7. Nf3 O-O 8. Bf4
b6 9. b4 Ne4 10. Qc2 Nc6 11. Rb1 bxc5 12. Nxe4 dxe4 13. Qxe4 Nxd4 14. Bd3 Nxf3+
15. Qxf3 f5 16. Qxa8 Qxd3 17. Rd1 Qc3+ 18. Bd2 Qe5+ 19. Be3 f4 20. Qxa7 fxe3
21. Qxe7 Qc3+ 22. Kf1 e2+ 0-1

[Event "Quebec-ch classe"]
[Site "Repentigny CAN"]
[Date "2003.11.23"]
[Round "4"]
[White "Khaziyeva, Dinara"]
[Black "Sauve, Richard"]
[Result "1/2-1/2"]
[WhiteElo "2029"]
[BlackElo "1921"]
[PlyCount "134"]
[EventDate "2003.11.21"]
[EventType "swiss"]
[EventRounds "5"]
[EventCountry "CAN"]

1. b3 d5 2. Bb2 Nf6 3. e3 e6 4. Nf3 Be7 5. d4 O-O 6. Nbd2 c5 7. c4 cxd4 8. Nxd4
Nc6 9. Bd3 Nxd4 10. Bxd4 b6 11. O-O Bb7 12. Rc1 Rc8 13. Qe2 dxc4 14. Bxc4 Ba3
15. Rcd1 Qe7 16. Nf3 Rfd8 17. Ne5 Bc5 18. Ba1 Bb4 19. Rxd8+ Rxd8 20. Rd1 Ne4
21. Rxd8+ Qxd8 22. Qd3 Qc7 23. Qd7 Qxd7 24. Nxd7 Nd2 25. Bd3 f6 26. f3 Kf7 27.
Nb8 Bd6 28. Na6 e5 29. Bb2 e4 30. fxe4 Nxe4 31. a3 Nd2 32. Nb4 a5 33. Nc2 Nb1
34. g3 Nd2 35. Kf2 Bd5 36. b4 Ne4+ 37. Ke2 g6 38. Bd4 Bc7 39. Ba6 f5 40. Ne1
Nd6 41. Kd3 axb4 42. axb4 b5 43. Bc5 Bc4+ 44. Kd4 Ne4 45. Nf3 Be2 46. Ne5+ Ke6
47. Bc8+ Kf6 48. Nd7+ Kg5 49. Kd5 h5 50. Kc6 Nxc5 51. Kxc5 h4 52. Ba6 hxg3 53.
hxg3 Bxg3 54. Bxb5 Bxb5 55. Kxb5 Bf2 56. Kc4 Bxe3 57. b5 f4 58. b6 Bxb6 59.
Nxb6 f3 60. Kd3 Kf4 61. Nd5+ Kg3 62. Ne3 g5 63. Ke4 f2 64. Nf1+ Kg2 65. Ne3+
Kg3 66. Nf1+ Kh3 67. Kf3 g4+ 1/2-1/2

[Event "Quebec-ch classe"]
[Site "Repentigny CAN"]
[Date "2003.11.23"]
[Round "4"]
[White "Papineau (Granby), Daniel"]
[Black "Tessier, Olivier"]
[Result "0-1"]
[WhiteElo "2035"]
[BlackElo "2113"]
[PlyCount "82"]
[EventDate "2003.11.21"]
[EventType "swiss"]
[EventRounds "5"]
[EventCountry "CAN"]

1. d4 c5 2. d5 e5 3. dxe6 fxe6 4. e4 d5 5. Nf3 Nc6 6. c3 Be7 7. e5 Qc7 8. Bf4
Nh6 9. Bd3 Nf7 10. O-O Bd7 11. Re1 O-O-O 12. b4 g5 13. Bg3 c4 14. Bf1 h5 15. h4
Rdg8 16. Na3 gxh4 17. Nxh4 Rg4 18. Nf3 Qb6 19. Bh2 Rhg8 20. Nc2 Ng5 21. Nxg5
R8xg5 22. a4 Rh4 23. a5 Qc7 24. f4 Rg8 25. Be2 Be8 26. Bf3 Rxh2 27. Kxh2 Bh4
28. Re2 Bg3+ 29. Kg1 Qe7 30. Ne3 Bxf4 31. Nf1 Nxe5 32. Rxe5 Bxe5 33. Qd2 Qf6
34. Qe3 Bxc3 35. Rd1 Kb8 36. a6 b6 37. Nh2 Qe5 38. Qf2 Bg6 39. Kh1 Bxb4 40. Qa2
Bd6 41. Rf1 Bd3 0-1

[Event "Quebec-ch classe"]
[Site "Repentigny CAN"]
[Date "2003.11.23"]
[Round "4"]
[White "Ramaswamy, Kishor"]
[Black "Prahov, Valentin"]
[Result "1/2-1/2"]
[WhiteElo "2096"]
[BlackElo "2207"]
[PlyCount "126"]
[EventDate "2003.11.21"]
[EventType "swiss"]
[EventRounds "5"]
[EventCountry "CAN"]

1. d4 Nf6 2. Nf3 g6 3. Bg5 Bg7 4. Nbd2 d5 5. e3 Bg4 6. h3 Bxf3 7. Nxf3 Nbd7 8.
Bd3 O-O 9. O-O c5 10. c3 Qb6 11. Qb3 c4 12. Qxb6 axb6 13. Bc2 b5 14. Ne5 Nb6
15. f3 Ra6 16. a3 Re8 17. e4 e6 18. Rae1 Raa8 19. Kh2 h6 20. Bc1 Na4 21. Re2
Rad8 22. exd5 Nxd5 23. Bxa4 bxa4 24. Nxc4 b5 25. Ne5 Nb6 26. Nd3 Nc4 27. Bf4
Rd7 28. Rfe1 Bxd4 29. Bxh6 Bxc3 30. Nc5 Rd5 31. Ne4 Be5+ 32. f4 Bg7 33. Bg5
Nxb2 34. Bf6 Nc4 35. Nc3 Rf5 36. Bxg7 Kxg7 37. g4 Rxf4 38. Nxb5 Rb8 39. Re4
Rf2+ 40. Kg1 Rc2 41. Nd4 Rc3 42. Ne2 Rxh3 43. Rxc4 Rxa3 44. Nc3 Rb2 45. Nxa4
Rg3+ 46. Kh1 Ra2 47. Nc5 Rf3 48. Rce4 Kh6 49. Nd7 Kg5 50. Ne5 Rff2 51. Nd3 Rh2+
52. Kg1 Rh3 53. Nf2 Rg3+ 54. Kf1 Rf3 55. R1e2 Raa3 56. Kg2 Rfb3 57. Re5+ Kh4
58. Ne4 f5 59. gxf5 exf5 60. Nf2 Rg3+ 61. Kh2 Rgf3 62. Re6 Kg5 63. Rb6 Kh5
1/2-1/2

[Event "Quebec-ch classe"]
[Site "Repentigny CAN"]
[Date "2003.11.23"]
[Round "4"]
[White "Saint Amand, Paul"]
[Black "Auger, Bertrand"]
[Result "1/2-1/2"]
[WhiteElo "2170"]
[BlackElo "2059"]
[PlyCount "27"]
[EventDate "2003.11.21"]
[EventType "swiss"]
[EventRounds "5"]
[EventCountry "CAN"]

1. e4 e6 2. d4 d5 3. Nd2 dxe4 4. Nxe4 Bd7 5. Nf3 Bc6 6. Bd3 Nd7 7. Qe2 Ngf6 8.
O-O Bxe4 9. Bxe4 Nxe4 10. Qxe4 c6 11. Ne5 Nf6 12. Qe2 Be7 13. Bf4 O-O 14. Rfd1
1/2-1/2

[Event "Quebec-ch classe"]
[Site "Repentigny CAN"]
[Date "2003.11.23"]
[Round "5"]
[White "Auger, Bertrand"]
[Black "Prahov, Valentin"]
[Result "0-1"]
[WhiteElo "2059"]
[BlackElo "2207"]
[PlyCount "140"]
[EventDate "2003.11.21"]
[EventType "swiss"]
[EventRounds "5"]
[EventCountry "CAN"]

1. Nf3 Nf6 2. g3 g6 3. b4 Bg7 4. Bb2 O-O 5. Bg2 a5 6. a3 d5 7. O-O c6 8. d3
Nbd7 9. Nbd2 Re8 10. c4 e5 11. e4 Qe7 12. c5 Nh5 13. Qb3 a4 14. Qa2 d4 15. Nc4
Nf8 16. Rae1 Be6 17. Nfd2 Bh6 18. Qa1 Nd7 19. Qd1 Rec8 20. Nd6 Rcb8 21. N2c4 b6
22. Nf5 Qf8 23. Nxh6+ Qxh6 24. Bc1 Qg7 25. Nxb6 Nxb6 26. cxb6 Rxb6 27. f4 c5
28. bxc5 Rc6 29. f5 Bb3 30. Qf3 Raa6 31. g4 Nf6 32. Bd2 Rxc5 33. g5 Nh5 34. f6
Qf8 35. Bb4 Rac6 36. Rc1 Qc8 37. Rxc5 Rxc5 38. Bxc5 Qxc5 39. Qg4 Be6 40. Qd1
Qxa3 41. Qc2 h6 42. h4 Kh7 43. Bf3 Nf4 44. Bd1 Qxd3 45. Rf3 Qxc2 46. Bxc2 hxg5
47. hxg5 Bd7 48. Kf2 Ne6 49. Rg3 Bc6 50. Ke2 Nc5 51. Rh3+ Kg8 52. Rh4 Ne6 53.
Rg4 Kf8 54. Kd3 Bb5+ 55. Kd2 Ke8 56. Bd3 Bc6 57. Bc4 Kd7 58. Bxe6+ Kxe6 59. Kd3
Bb5+ 60. Kd2 a3 61. Rg1 a2 62. Kc2 Bc4 63. Kb2 Kd6 64. Rc1 Kc5 65. Kc2 Kb4 66.
Rg1 d3+ 67. Kb2 Bb3 68. Rg2 Kc4 69. Rg1 d2 70. Ra1 d1=Q 0-1

[Event "Quebec-ch classe"]
[Site "Repentigny CAN"]
[Date "2003.11.23"]
[Round "5"]
[White "Beaudoin, Stephane"]
[Black "Khaziyeva, Dinara"]
[Result "0-1"]
[WhiteElo "2041"]
[BlackElo "2029"]
[PlyCount "128"]
[EventDate "2003.11.21"]
[EventType "swiss"]
[EventRounds "5"]
[EventCountry "CAN"]

1. e4 d6 2. d4 Nf6 3. Nc3 Nbd7 4. Be3 e5 5. d5 Be7 6. f3 c6 7. Qd2 O-O 8. O-O-O
cxd5 9. exd5 a6 10. Nge2 b5 11. Ng3 Nb6 12. Qf2 Rb8 13. Bxb6 Qxb6 14. Qxb6 Rxb6
15. Bd3 g6 16. Rhe1 Nd7 17. b4 f5 18. Kb2 Bb7 19. Bf1 Bh4 20. Re2 Rc8 21. Nb1
Ba8 22. Red2 Bf6 23. Kb3 Bg5 24. Rd3 Rbb8 25. Rc3 Nb6 26. Rxc8+ Rxc8 27. Nc3
Kg7 28. Nge2 Nc4 29. f4 exf4 30. Nd4 Ne3 31. Ne6+ Kh6 32. Rd3 Bf6 33. Nxf4
Rxc3+ 34. Rxc3 Bxc3 35. Kxc3 Nxf1 36. Kd4 Nxh2 37. c4 bxc4 38. Kxc4 Kg5 39.
Ne6+ Kg4 40. Nc7 Bb7 41. Ne8 Bc8 42. Nxd6 Bd7 43. Nb7 Kg3 44. Nc5 Bb5+ 45. Kb3
Ng4 46. a4 Be2 47. d6 Ne5 48. d7 Nf7 49. Ne6 Kxg2 50. Nf4+ Kf3 51. Nxe2 Kxe2
52. b5 a5 53. b6 Nd8 54. Kc4 f4 55. Kd5 f3 56. Kd6 f2 57. Ke7 f1=Q 58. Kxd8
Qf6+ 59. Kc7 Qc3+ 60. Kd6 Qd4+ 61. Kc6 Qxa4+ 62. Kd6 Qb4+ 63. Kc6 Qf8 64. Kc7
Qc5+ 0-1

[Event "Quebec-ch classe"]
[Site "Repentigny CAN"]
[Date "2003.11.23"]
[Round "5"]
[White "Masse, Hugues"]
[Black "Ramaswamy, Kishor"]
[Result "1-0"]
[WhiteElo "2239"]
[BlackElo "2096"]
[PlyCount "147"]
[EventDate "2003.11.21"]
[EventType "swiss"]
[EventRounds "5"]
[EventCountry "CAN"]

1. d4 d5 2. c4 e6 3. Nc3 Nf6 4. Bg5 Nbd7 5. e3 c6 6. Nf3 Qa5 7. Nd2 dxc4 8.
Bxf6 Nxf6 9. Nxc4 Qc7 10. Rc1 Be7 11. Bd3 O-O 12. O-O Bd7 13. a3 c5 14. dxc5
Bxc5 15. Ne4 Nxe4 16. Bxe4 Bc6 17. Bxh7+ Kxh7 18. Qh5+ Kg8 19. Qxc5 Rfd8 20. e4
Rd3 21. Na5 Qd6 22. Nxc6 Qxc6 23. Qxc6 bxc6 24. f3 Rb8 25. Rf2 Rb6 26. Re2 Kf8
27. Rcc2 Ke7 28. Red2 Rdb3 29. Kf2 Kf6 30. Ke2 Ke7 31. Kd1 e5 32. Kc1 f6 33.
Rc4 Ke6 34. Ra4 Rb7 35. Ra6 R3b6 36. Rxb6 axb6 37. Kc2 Ke7 38. Kc3 Ra7 39. Kc2
Ra5 40. Kd1 Ra8 41. Ke2 Rh8 42. h3 Ra8 43. Kf2 Ra5 44. Kg3 Rc5 45. Kg4 g6 46.
h4 b5 47. Kh3 Rc1 48. g4 Rh1+ 49. Rh2 Rf1 50. Kg3 Rg1+ 51. Kf2 Rb1 52. Ke3 Kd6
53. h5 gxh5 54. gxh5 Rg1 55. h6 Rg8 56. h7 Rh8 57. Kd3 Kc5 58. Kc3 Kb6 59. Kb4
c5+ 60. Kc3 Ka5 61. b3 Kb6 62. Rh6 Ka5 63. Rh4 Kb6 64. Rh5 Kc6 65. a4 b4+ 66.
Kd3 Rd8+ 67. Ke3 Rh8 68. Rh6 c4 69. bxc4 Kc5 70. Kd3 b3 71. Kc3 b2 72. Kxb2
Kxc4 73. Ka3 Kc3 74. a5 1-0

[Event "Quebec-ch classe"]
[Site "Repentigny CAN"]
[Date "2003.11.23"]
[Round "5"]
[White "Sauve, Richard"]
[Black "Cloutier, Mario"]
[Result "1-0"]
[WhiteElo "1903"]
[BlackElo "2028"]
[PlyCount "77"]
[EventDate "2003.11.21"]
[EventType "swiss"]
[EventRounds "5"]
[EventCountry "CAN"]

1. d4 d5 2. c4 dxc4 3. Nf3 Nf6 4. e3 e6 5. Bxc4 c5 6. O-O a6 7. a4 Nc6 8. Qe2
Be7 9. Rd1 Qc7 10. Nc3 O-O 11. dxc5 Bxc5 12. h3 b6 13. e4 Nd7 14. Bg5 h6 15.
Bd2 Bb7 16. Rac1 Rfd8 17. Nb1 a5 18. Nc3 Qg3 19. Be3 Qg6 20. Bf4 Qf6 21. Bc7
Nde5 22. Bxd8 Rxd8 23. Rxd8+ Qxd8 24. Nxe5 Nxe5 25. Rd1 Qf6 26. Bb5 Ng6 27. Rd7
Nf4 28. Qf3 Nxh3+ 29. Kf1 Nf4 30. Rxb7 Qh4 31. Ne2 Qh1+ 32. Ng1 g5 33. g3 Qh2
34. gxf4 gxf4 35. Qg4+ Kf8 36. Rb8+ Ke7 37. Re8+ Kd6 38. Qd1+ Ke5 39. Nf3+ 1-0

[Event "Quebec-ch classe"]
[Site "Repentigny CAN"]
[Date "2003.11.23"]
[Round "5"]
[White "Tessier, Olivier"]
[Black "Saint Amand, Paul"]
[Result "1/2-1/2"]
[WhiteElo "2113"]
[BlackElo "2170"]
[PlyCount "52"]
[EventDate "2003.11.21"]
[EventType "swiss"]
[EventRounds "5"]
[EventCountry "CAN"]

1. c4 Nf6 2. Nc3 c5 3. g3 Nc6 4. Bg2 e6 5. Nf3 d5 6. cxd5 Nxd5 7. Nxd5 exd5 8.
O-O Be7 9. d4 O-O 10. b3 Bf6 11. Bb2 Re8 12. Rc1 cxd4 13. Nxd4 Bg4 14. f3 Bd7
15. Qd2 Nxd4 16. Bxd4 Bxd4+ 17. Qxd4 Rxe2 18. Rf2 Rxf2 19. Kxf2 Qa5 20. a4 Re8
21. f4 Bc6 22. Bf3 Qb6 23. Qxb6 axb6 24. b4 Bxa4 25. Bxd5 Kf8 26. Rc7 Re7
1/2-1/2

[Event "Quebec-ch classe U1600"]
[Site "Repentigny CAN"]
[Date "2003.11.21"]
[Round "1"]
[White "Cardin, Jean-Francois"]
[Black "Breton, Jules"]
[Result "1-0"]
[WhiteElo "1493"]
[BlackElo "1406"]
[PlyCount "55"]
[EventDate "2003.11.21"]
[EventType "swiss"]
[EventRounds "5"]
[EventCountry "CAN"]

1. d4 Nf6 2. c4 e6 3. Nc3 d5 4. a3 Be7 5. e3 O-O 6. Nf3 c5 7. dxc5 Bxc5 8. cxd5
exd5 9. Be2 Nc6 10. b4 Be7 11. O-O a6 12. Ra2 Be6 13. Rd2 Qc7 14. Qc2 Rac8 15.
Bb2 Rfd8 16. Rfd1 g6 17. Nd4 Qb8 18. Qb1 h5 19. Nxe6 fxe6 20. Qxg6+ Kf8 21. Na4
Ne5 22. Qh6+ Kg8 23. Qg5+ Kf7 24. Bxe5 Qa7 25. Bxh5+ Nxh5 26. Qxh5+ Kg8 27.
Qg6+ Kf8 28. Bg3 1-0

[Event "Quebec-ch classe U1600"]
[Site "Repentigny CAN"]
[Date "2003.11.21"]
[Round "1"]
[White "Mai, Lloyd"]
[Black "Piche, Justin"]
[Result "1-0"]
[WhiteElo "1581"]
[BlackElo "1483"]
[PlyCount "141"]
[EventDate "2003.11.21"]
[EventType "swiss"]
[EventRounds "5"]
[EventCountry "CAN"]

1. e4 e5 2. Nf3 Nc6 3. Bc4 Bc5 4. c3 Nf6 5. d3 h6 6. O-O O-O 7. Be3 Bb6 8. h3
d6 9. Nbd2 Ne7 10. Re1 Ng6 11. Nf1 Re8 12. Ng3 Be6 13. Bb3 Qd7 14. Qd2 Kh7 15.
Kh2 Rad8 16. d4 exd4 17. Bxd4 Bxd4 18. Nxd4 Bxb3 19. axb3 a6 20. f3 d5 21. exd5
Qxd5 22. b4 b6 23. Qc2 Rxe1 24. Rxe1 Kh8 25. Kh1 Nf4 26. Ngf5 Re8 27. Rxe8+
Nxe8 28. Qd2 Ne6 29. Qe2 b5 30. Nxe6 Qxe6 31. Qxe6 fxe6 32. Nd4 e5 33. Nc6 Nd6
34. Nxe5 Kg8 35. Nc6 Nc4 36. b3 Nd2 37. Nb8 Nxb3 38. Nxa6 c6 39. Kg1 Kf7 40.
Kf2 Ke6 41. Ke3 Kd5 42. Kd3 c5 43. Nc7+ Kc6 44. Ne6 cxb4 45. cxb4 Kd5 46. Nc7+
Kc6 47. Kc3 Nc1 48. Ne6 Kd5 49. Nf4+ Kc6 50. h4 Kd6 51. g4 g5 52. Kb2 Ke5 53.
Ng6+ Kf6 54. Kxc1 Kxg6 55. hxg5 hxg5 56. Kd2 Kf6 57. Kd3 Ke5 58. Ke3 Kd5 59. f4
gxf4+ 60. Kxf4 Kc4 61. g5 Kxb4 62. g6 Ka3 63. g7 b4 64. g8=Q b3 65. Ke3 b2 66.
Qa8+ Kb3 67. Qb7+ Ka2 68. Qa6+ Kb3 69. Qb5+ Ka2 70. Qa4+ Kb1 71. Kd3 1-0

[Event "Quebec-ch classe U1800"]
[Site "Repentigny CAN"]
[Date "2003.11.21"]
[Round "1"]
[White "Fecteau, Denis"]
[Black "Desjardins, Michel"]
[Result "0-1"]
[WhiteElo "1677"]
[BlackElo "1760"]
[PlyCount "36"]
[EventDate "2003.11.21"]
[EventType "swiss"]
[EventRounds "5"]
[EventCountry "CAN"]

1. d4 d5 2. c4 c6 3. Nc3 dxc4 4. a4 e5 5. Nf3 exd4 6. Nxd4 Bc5 7. e3 Nf6 8.
Bxc4 O-O 9. O-O Nbd7 10. Nb3 Bb6 11. a5 Bc7 12. f4 Qe7 13. Qe2 Nc5 14. e4 Bg4
15. Qc2 b5 16. axb6 Bxb6 17. Kh1 Nfxe4 18. Re1 Ng3+ 0-1